Dôchodkový systém na území Slovenskej republiky
Charakteristika dôchodkového systému na Slovensku. Základné pojmy spojené s dôchodkovým systémom a dôchodkovým zabezpečením. Štruktúra pilierov dôchodkového systému, ich význam a princípy fungovania.
Salvato in:
| Autore principale: | |
|---|---|
| Altri autori: | |
| Natura: | Capitolo di libro |
| Lingua: | slovacco |
| Soggetti: | |
| Tags: |
Nessun Tag, puoi essere il primo ad aggiungerne!!
|
MARC
| LEADER | 00000nla a2200000 4500 | ||
|---|---|---|---|
| 001 | 0240543 | ||
| 005 | 20240502073918.5 | ||
| 041 | 0 | |a slo | |
| 044 | |a SK | ||
| 245 | 1 | 0 | |a Dôchodkový systém na území Slovenskej republiky |c Jana Naščáková, Miroslav Klimek |
| 520 | |a Charakteristika dôchodkového systému na Slovensku. Základné pojmy spojené s dôchodkovým systémom a dôchodkovým zabezpečením. Štruktúra pilierov dôchodkového systému, ich význam a princípy fungovania. | ||
| 610 | 2 | 0 | |a systémy dôchodkové |
| 610 | 2 | 0 | |a zabezpečenie dôchodkové |
| 610 | 2 | 0 | |a dôchodcovia |
| 610 | 2 | 0 | |a dôchodky |
| 610 | 2 | 0 | |a dôchodky starobné |
| 610 | 2 | 0 | |a Slovensko |
| 100 | 1 | |a Naščáková, Jana | |
| 700 | 1 | |a Klimek, Miroslav | |